đŸŽ€ Star Academy (2022-2025) : Candidats - Statistiques

Statistiques générales
  • Ce quiz a Ă©tĂ© pris 2 370 fois
  • Le rĂ©sultat moyen est 46 sur 58
Statistiques - réponses
Answers! Yas % Correct
Pierre
98%
Héléna
97%
Marine
97%
Léa
96%
Léa
96%
Lenny
96%
Julie
95%
Ebony
94%
Victor
94%
Lénie
93%
Ambre
92%
Emma
92%
Julien
92%
Julien
92%
Léo
92%
Anouk
91%
Sarah
90%
Charles
89%
Théo L
89%
Théo P
89%
Jeanne
88%
Noah
88%
Noah
88%
Mélissa
87%
Léane
86%
Ema
85%
Axel
84%
Franck
84%
Anisha
83%
Bastiaan
83%
Marguerite
82%
Mehdi
82%
Ulysse
81%
Louis
80%
Louis
80%
Lily
79%
Candice
78%
Djebril
77%
Clara
76%
Enola
76%
Victorien
76%
MaĂŻa
73%
Masséo
73%
Paul
71%
Margot
70%
Marie-Maud
70%
Maureen
70%
Thomas
69%
Lola
67%
Maylis
61%
Carla
49%
Tiana
47%
Stanislas
45%
Paola
43%
Cenzo
41%
AhcĂšne
40%
Chris
40%
Amisse
36%
Aucun quiz correspondant
Distribution des résultats
% des personnes avec chaque résultat
Percentile par nombre de réponses
Votre historique - résultats
Vous n’avez pas pris ce quiz